Essential study skills : The complete guide to success at university
Practical and interactive, this edition features three brand new chapters to arm you with even more essential skills including how to produce a dissertation, planning your career and focussing on building relationships with lecturers and other students to help you get ahead.
Spremljeno u:
| Glavni autor: | |
|---|---|
| Format: | Knjiga |
| Jezik: | Undetermined |
| Izdano: |
London
Sage Publication Ltd
2016
|
| Teme: | |
| Oznake: |
Dodaj oznaku
Bez oznaka, Budi prvi tko označuje ovaj zapis!
|
| Thư viện lưu trữ: | Trung tâm Học liệu Trường Đại học Cần Thơ |
|---|
| LEADER | 00983nam a2200241Ia 4500 | ||
|---|---|---|---|
| 001 | CTU_226882 | ||
| 008 | 210402s9999 xx 000 0 und d | ||
| 020 | |c 775000 | ||
| 082 | |a 371.30281 | ||
| 082 | |b B967 | ||
| 100 | |a Burns, Tom | ||
| 245 | 0 | |a Essential study skills : | |
| 245 | 4 | |b The complete guide to success at university | |
| 245 | 0 | |c Tom Burns, Sandra Sinfield | |
| 260 | |a London | ||
| 260 | |b Sage Publication Ltd | ||
| 260 | |c 2016 | ||
| 520 | |a Practical and interactive, this edition features three brand new chapters to arm you with even more essential skills including how to produce a dissertation, planning your career and focussing on building relationships with lecturers and other students to help you get ahead. | ||
| 650 | |a Kỹ năng học tập,Study skills | ||
| 650 | |x Sổ tay, sách hướng dẫn, v.v.,Handbooks, manuals, etc. | ||
| 904 | |i Nhi | ||
| 910 | |b dqhieu | ||
| 980 | |a Trung tâm Học liệu Trường Đại học Cần Thơ | ||